BIBLIOTHÈQUE DE LA MAISON DU MEXIQUE

Logo 1 Logo 2

Pensando en la izquierda (notice nᵒ 5005)

détails MARC
000 -Sello discográfico
campo de control de longitud fija 01111nam0a2200313 4500
005 - Identificación de versión
campo de control 20251016083946.0
010 ## - Número Estándar Internacional de Libros (ISBN)
Número (ISBN) 978-968-16-8561-4 (rústica)
035 ## - Otros números de control del sistema
Número de control del sistema 32756
099 ## - fechas locales
Tipo de ítem Koha LIBRO
100 ## - Datos de procesamiento general
Datos de procesamiento general 20110915d2008 m y0spay5003 ba
105 ## - Campo de datos codificados: Material textual, monográfico
Datos codificados de monografía y 001zy
200 1# - Título y mención de responsabilidad
Título propio Pensando en la izquierda
Designación general del material texto impreso
Primer mención de responsabilidad Héctor Aguilar Camín
205 ## - Declaración de edición
Declaración de edición 1a ed
210 ## - Publicación, distribución, etc.
Lugar de publicación, distribución, etc. México
Nombre del editor, distribuidor, etc. Fondo de Cultura Económica
Fecha de publicación, distribución, etc. 2008
215 ## - Descripción física
Designación de material específico y extensión del ítem 70 p
Dimensiones 17 cm
300 ## - Notas generales
Texto de la nota "La mayor parte de los textos que componen este pequeño libro fueron publicados en el diario Milenio de la ciudad de México"--p. 69
345 ## - Nota de información de adquisición
Fuente de adquisición/dirección de la suscripción [OBSOLETO] Donación 'Salon du Livre 2009'
410 #1 - Series
Título Colección Centzontle
606 ## - Término temático usado como materia
Elemento de entrada Derecha e izquierda (Ciencia política)
Número Koha 7295
606 ## - Término temático usado como materia
Elemento de entrada Ideología
Número Koha 8940
606 ## - Término temático usado como materia
Elemento de entrada Tácticas políticas
Subdivisión geográfica México
Número Koha 9757
700 ## - Nombre personal - Responsabilidad primaria
Elemento de entrada Aguilar Camín
Parte del nombre distinta del elemento de entrada Héctor
Fechas 1946-
Número Koha 622
801 #0 - Fuente de origen
País FR
Agencia cm
Reglas de catalogación (convenciones descriptivas) AFNOR
900 ## -
-- 1/20462
942 ## - ELEMENTOS DE ENTRADA SECUNDARIOS (KOHA)
Tipo de ítem Koha Livre
996 ## -
-- MEX
-- 751145101
-- MMAG
-- 000337
-- 324.09 A283P
-- 20110915LIV
Exemplaires
Estatus retirado Estado de daño Estado de pérdida Fecha de adquisición Biblioteca de origen Biblioteca actual Ubicación en estantería Código de barras Precio de reemplazo Signatura topográfica completa No para préstamo Tipo de ítem Koha Nota pública Nota no pública
      05/08/2025 Casa México Paris Casa México Paris   000337 05/08/2025 324.09 A283P   Livre 20110915LIV 751145101